| 000 | 01289nam a2200289 a 4500 | ||
|---|---|---|---|
| 001 | BRCA_5134 | ||
| 005 | 20190320204943.0 | ||
| 008 | 191110s1803----mx-######v---#000-0#spa-# | ||
| 041 | _aspa | ||
| 044 | _amx | ||
| 084 |
_aDOC106 _b.B66 _c1853 |
||
| 100 | 1 |
_aBonilla, Manuel _cMilitar _d1837? _913110 |
|
| 245 | 1 | 0 |
_aDocumento firmado por Manuel Bonilla _cManuel Bonilla, Eduardo Goroztiza. |
| 260 |
_aMéxico _c1853 |
||
| 300 |
_a[2] fojas _c31 x 21 cm |
||
| 500 | _aDocumento firmado el 8 de julio de 1853 | ||
| 500 | _aBonilla escribe al Ministerio de Hacienda comunícandole que es necesario ahora alguna cantidad a Eduardo Goroztiza que ha llegado ya a México por conceptos de viáticos | ||
| 500 | _aEl documento contiene la leyenda DOC. #270 | ||
| 500 | _aEstado de conservación: Contiene manchas de acidificación | ||
| 506 | 0 | _aFondo reservado: para su consulta es necesario credencial de usuario y carta de motivos | |
| 546 | _aTexto en: español de mediados del siglo XIX | ||
| 600 | 1 | 4 |
_aBonilla, Manuel _cMilitar _d1837? _913110 |
| 650 | 1 | 4 |
_aRelaciones internacionales _vManuscrito _xHistoria _yFederalismo y centralismo, 1824-1853 _zMéxico _913111 |
| 700 | 1 |
_aGoroztiza y Cepeda, Manuel María del Pilar Eduardo _d1789-1851 _913112 |
|
| 902 | _aFDH | ||
| 942 |
_2lcc _cD |
||
| 999 |
_c4828 _d4828 |
||